000 00367nam a2200145Ia 4500
008 240729s9999 xx 000 0 und d
022 _a2949-9232
245 0 _aHealth Care Transitions
260 _aUnited States
260 _bElsevier
650 _aMedicine
856 _uhttps://doaj.org/toc/b52f4dd8915649f285a6209453903737
942 _2ddc
942 _cDOAJEJ
999 _c67957
_d67957
945 _a1
_bMadushi Gamage
_c1
_dMadushi Gamage